Inside human body / (Record no. 3829)

MARC details
000 -LEADER
fixed length control field 01445cam a22003254a 4500
001 - CONTROL NUMBER
control field 3829
003 - CONTROL NUMBER IDENTIFIER
control field FISKH
005 - DATE AND TIME OF LATEST TRANSACTION
control field 20240515143201.0
008 - FIXED-LENGTH DATA ELEMENTS--GENERAL INFORMATION
fixed length control field 100120s2010 nyua j b 001 0 eng
010 ## - LIBRARY OF CONGRESS CONTROL NUMBER
LC control number 2010002503
020 ## - INTERNATIONAL STANDARD BOOK NUMBER
International Standard Book Number 9781402770913 (hardcover)
020 ## - INTERNATIONAL STANDARD BOOK NUMBER
International Standard Book Number 9781402777790 (pbk.)
040 ## - CATALOGING SOURCE
Original cataloging agency DLC
Transcribing agency DLC
Modifying agency DLC
Language of cataloging eng
050 00 - LIBRARY OF CONGRESS CALL NUMBER
Classification number QP37
Item number .B887 2010
082 00 - DEWEY DECIMAL CLASSIFICATION NUMBER
Classification number 612
Edition number 22
100 1# - MAIN ENTRY--PERSONAL NAME
Personal name Bruhn, Aron,
Dates associated with a name 1978-
245 10 - TITLE STATEMENT
Title Inside human body /
Statement of responsibility, etc. by Aron Bruhn ; illustrated by Joel Ito and Kathleen Kemly.
246 30 - VARYING FORM OF TITLE
Title proper/short title Human body
260 ## - PUBLICATION, DISTRIBUTION, ETC.
Place of publication, distribution, etc. New York :
Name of publisher, distributor, etc. Sterling,
Date of publication, distribution, etc. 2010.
300 ## - PHYSICAL DESCRIPTION
Extent 48 pages:
Other physical details color illustratrations ;
Dimensions 26 cm
500 ## - GENERAL NOTE
General note Includes 10 fold-out pages.
504 ## - BIBLIOGRAPHY, ETC. NOTE
Bibliography, etc. note Includes bibliographical references (p. 48) and index.
520 ## - SUMMARY, ETC.
Summary, etc. Take the most fantastic voyage of all! With more than 70 illustrations plus dynamic multiple full-body fold-outs, Inside Human Body offers thrilling close-up views of the heart, lungs, brain, nerves, and more! Each system is presented in a child-friendly context, with answers to such questions as: What are goose bumps? Why do I have freckles? Why do my veins look blue if my blood is red? Kids will have a great trip inside.
650 #0 - SUBJECT ADDED ENTRY--TOPICAL TERM
Topical term or geographic name entry element Human body
Form subdivision Juvenile literature.
700 1# - ADDED ENTRY--PERSONAL NAME
Personal name Ito, Joel,
Relator term illustrator
700 1# - ADDED ENTRY--PERSONAL NAME
Personal name Kemly, Kathleen Hadam,
Relator term illustrator
906 ## - LOCAL DATA ELEMENT F, LDF (RLIN)
a 7
b cbc
c orignew
d 1
e ecip
f 20
g y-gencatlg
942 ## - ADDED ENTRY ELEMENTS (KOHA)
Source of classification or shelving scheme Dewey Decimal Classification
Koha item type Books
Suppress in OPAC No
Holdings
Withdrawn status Lost status Source of classification or shelving scheme Damaged status Not for loan Collection Home library Current library Shelving location Date acquired Total Checkouts Full call number Barcode Date last seen Price effective from Koha item type
    Dewey Decimal Classification     Non-Fiction Footprints International School Library Network Toul Kork Campus Footprints International School Library Network Toul Kork Campus A TK Campus, 4th Floor, Room B401, Non-Fiction Bookcases(7-8) 05/15/2024   BRU 612 QP37.B887 2024-0615 05/15/2024 05/15/2024 Books